000 00452nam a2200193Ia 4500
003 0100
008 130303s9999 xx 000 0 und d
040 _cARRUPELIB
050 _aBX2163.J57 1954
100 _aJohnson, John Sevier
245 4 _aThe rosary in action
260 _aLondon
260 _bB. Herder Book Company
260 _C1954
300 _a271p.
300 _b 20cm.
650 _bPhilosophy, Ancient - History
942 0 0 _01
999 _c53481
_d53481